Nghiên cứu khả năng hấp phụ lân của vỏ sò huyết và khả năng sử dụng làm phân bón cho cây họ đậu : Báo cáo tổng kết đề tài Khoa học và Công nghệ cấp trường

Xác định được các yếu tố ảnh hưởng khả năng hấp phụ của vỏ sò huyết để chọn ra nhân tố đạt khả năng hấp phụ tối đa; Xác định được khả năng sử dụng vỏ sò sau hấp phụ lân làm phân bón cho cây họ đậu....

Popoln opis

Shranjeno v:
Bibliografske podrobnosti
Glavni avtor: Ngô, Thụy Diễm Trang
Format: Knjiga
Jezik:Undetermined
Izdano: Cần Thơ Trường Đại học Cần Thơ 2017
Teme:
Oznake: Označite
Brez oznak, prvi označite!
Thư viện lưu trữ: Trung tâm Học liệu Trường Đại học Cần Thơ
LEADER 01214nam a2200229Ia 4500
001 CTU_230241
008 210402s9999 xx 000 0 und d
082 |a 631.8 
082 |b Tr106 
088 |a T2016-42 
100 |a Ngô, Thụy Diễm Trang 
245 0 |a Nghiên cứu khả năng hấp phụ lân của vỏ sò huyết và khả năng sử dụng làm phân bón cho cây họ đậu : 
245 0 |b Báo cáo tổng kết đề tài Khoa học và Công nghệ cấp trường 
245 0 |c Ngô Thụy Diễm Trang (Chủ nhiệm đề tài) 
260 |a Cần Thơ 
260 |b Trường Đại học Cần Thơ 
260 |c 2017 
520 |a Xác định được các yếu tố ảnh hưởng khả năng hấp phụ của vỏ sò huyết để chọn ra nhân tố đạt khả năng hấp phụ tối đa; Xác định được khả năng sử dụng vỏ sò sau hấp phụ lân làm phân bón cho cây họ đậu. 
650 |a Phân bón,Fertilizers 
650 |x Ứng dụng,Application 
910 |b nthai 
980 |a Trung tâm Học liệu Trường Đại học Cần Thơ